000 00915nas a2200301 4500
001 BR0405089
003 BR-BrBNA
005 20231205104932.0
007 ta
008 230509b bl.|||p| |||| 00| 00por d
040 _aBR-BrBNA
_bpor
_cBiblioteca Nacional de Agricultura
041 _a(Pt)
072 _aL70; L40
100 1 _aRosa, V.R.C.L. de A.
100 1 _aVicente, W.R.R.
100 1 _aMoraes, J.R.E. de
100 1 _aMoraes, F.R. de
245 1 _aUso de adesivo biológico na histerorrafia de coelhas (Oryctolagus cuniculus)
650 _aCOELHO NOVA ZELÂNDIA
650 _aSUTURA
650 _aCICATRIZAÇÃO
650 _aÚTERO
650 _aHISTOLOGIA ANIMAL
650 _aADESIVO
773 0 _tRevista Brasileira de Medicina Veterinária (Brazil)
_xISSN 0100-2430
_g(Jan-Mar 2004), v. 26(1) p. 36-39
_wBR0405089
909 _a202311
_bLúcia
_c55
_dLúcia Elande
942 _2AGRIS
_n0
_cANA
999 _c180378
_d180378